000 01101cam a2200337 a 4500
001 2421042
003 OSt
005 20230704132144.0
008 870526s1988 nyua b s001 0 eng
010 _a 87007081
020 _a0887066879
020 _a0887066887 (pbk.)
040 _aDLC
_cDLC
_dDLC
043 _an-us---
050 0 0 _aE185.615
_b.W325 1988
082 0 0 _a353.0081/1
_219
_bWAL
100 1 _aWalton, Hanes,
_cJr.,
_d1941-2013.
245 1 0 _aWhen the marching stopped :
_bthe politics of civil rights regulatory agencies /
_cHanes Walton, Jr.
260 _aAlbany :
_bState University of New York Press,
_cc1988.
300 _axxiv, 263 p. :
_bill. ;
_c24 cm.
440 0 _aSUNY series in Afro-American studies
500 _aIncludes index.
504 _aBibliography: p. 239-252.
650 0 _aAfrican Americans
_xCivil rights.
650 0 _aCivil rights
_zUnited States.
650 0 _aAdministrative agencies
_zUnited States.
650 0 _aExecutive departments
_zUnited States.
906 _a7
_bcbc
_corignew
_d1
_eocip
_f19
_gy-gencatlg
942 _2ddc
_cBK
999 _c3812
_d3812